000 01199 a2200241 4500
003 NUST
005 20230801085931.0
010 _a 00057577
020 _a0763714259
040 _cNust
082 0 0 _a515,MAT
100 1 _aMathews, John H.,
_939452
245 1 0 _aComplex analysis :
_bfor mathematics and engineering (Include CD) /
_cJohn H. Mathews, Russell W. Howell.
250 _a4th ed.
260 _aSudbury, Mass. :
_bJones and Bartlett Publishers,
_c2001.
300 _axi, 596 p .;
_bill. (some col.) ;
_c25 cm.+
_e1 computer laser optical disc (4 3/4).
505 _aComplex Numbers (Page-1), Complex Functions (Page-49), Analytic and Harmonic Functions (Page-93), Sequences, Julia and Mandelbrot Set, and Power Series (Page-125), Elementary Functions (Page-161), Complex Integration (Page-201), Taylor and Laurent Series (Page-261), Residue Theory (Page-3070, Conformal Mapping (Page-355), Applications of Harmonic Functions (Page-387), Fourier Series and the Laplace Transforms (Page-483).
650 0 _aFunctions of complex variables.
650 0 _aMathematical analysis.
651 _a(Include CD)
_98953
700 1 _aHowell, Russell W.
_9102907
942 _2ddc
_cBK
_k515,MAT
999 _c181038
_d181038